00535nmm a22001697a 450000500170000000800410001704100080005808200110006610000300007724501360010726000090024365000150025265000290026765000200029665000180031665000310033420160622140710.0150618b xxu||||| |||| 00| 0 spa d aspa aDE 104 aReyes González, Michael aAnálisis de la afluencia vehicular a las estaciones de servicio y sus posibles causas, Super Servicio, Estación San Sebastián c2016 aCOSTA RICA aDIRECCIÓN DE EMPRESAS aSUPER SERVICIOS aBENCHMARKING  aEVALUACIÓN DE LAS VENTAS